[Event "AUTO-OPEN-4060"]
[Site "http://www.queenalice.com/game.php?id=1595364"]
[Date "2020.1.6"]
[Round "3"]
[White "omega3"]
[Black "Dogeval"]
[Result "0-1"]
[WhiteElo "2142"]
[BlackElo "2785"]

1. c4 e5 2. g3 Nf6 3. Nc3 Bb4 4. Nd5 Nxd5 5. cxd5 c6 6. Bg2 O-O 7. a3 Be7 8. e3
cxd5 9. Bxd5 d6 10. Ne2 Nc6 11. O-O Bg4 12. f3 Bh3 13. Rf2 Qd7 14. b3 Bf6 15.
Bb2 Ne7 16. Nc3 Rac8 17. e4 Be6 18. Rc1 Nxd5 19. exd5 Bh3 20. Ne4 Be7 21. d4 f5
22. Nd2 e4 23. fxe4 Bg5 24. Rxc8 Rxc8 25. Qe1 Bxd2 26. Rxd2 fxe4 27. Qxe4 Re8
28. Qb1 Qe7 29. b4 Qe3+ 0-1

[Event "AUTO-OPEN-4060"]
[Site "http://www.queenalice.com/game.php?id=1595365"]
[Date "2020.1.6"]
[Round "3"]
[White "Cuxtal"]
[Black "omega3"]
[Result "1-0"]
[WhiteElo "2690"]
[BlackElo "2153"]

1. c4 c6 2. d4 d5 3. Nc3 Nf6 4. cxd5 cxd5 5. Bf4 Nc6 6. e3 e6 7. a3 Bd6 8. Bxd6
Qxd6 9. Bd3 O-O 10. Nf3 a6 11. O-O e5 12. dxe5 Nxe5 13. h3 Rd8 14. Qe2 Nxd3 15.
Qxd3 h6 16. Rfd1 Be6 17. Qd4 Rac8 18. Rac1 Rc4 19. Qe5 Qxe5 20. Nxe5 Rcc8 21.
Nf3 Kf8 22. Nd4 b6 23. g4 g6 24. f3 Ke7 25. Na4 Rxc1 26. Rxc1 Rc8 27. Rxc8 Bxc8
28. Nxb6 Bb7 29. Kf2 Kd6 30. b4 Nd7 31. Nxd7 Kxd7 32. Kg3 Kd6 33. Kf2 f6 34. a4
Bc8 35. a5 Bd7 36. Kg3 Ke5 37. b5 axb5 38. a6 Bc8 39. a7 Bb7 40. Nxb5 1-0

[Event "AUTO-OPEN-4060"]
[Site "http://www.queenalice.com/game.php?id=1595366"]
[Date "2020.1.6"]
[Round "3"]
[White "omega3"]
[Black "Cuxtal"]
[Result "0-1"]
[WhiteElo "2145"]
[BlackElo "2699"]

1. c4 e5 2. g3 Nf6 3. Bg2 Nc6 4. Nc3 Bb4 5. Nd5 O-O 6. Nf3 Re8 7. O-O a5 8. d3
h6 9. a3 Bf8 10. b3 d6 11. Bb2 Nxd5 12. cxd5 Ne7 13. e4 c6 14. dxc6 bxc6 15. Rc1
c5 16. Nd2 Nc6 17. Qc2 Rb8 18. f4 Qb6 19. Kh1 Be6 20. Nc4 Qxb3 21. Qxb3 Rxb3 22.
Rc2 Reb8 23. Bc1 Rxd3 0-1

[Event "AUTO-MASTER-2846"]
[Site "http://www.queenalice.com/game.php?id=1599630"]
[Date "2020.2.16"]
[Round "2"]
[White "omega3"]
[Black "Tamise"]
[Result "0-1"]
[WhiteElo "2144"]
[BlackElo "2294"]

1. c4 d6 2. g3 c5 3. Bg2 Nc6 4. Nc3 e5 5. Nf3 g6 6. O-O Bg7 7. a3 a5 8. d3 Nge7
9. Rb1 O-O 10. Bd2 Rb8 11. Qa4 h6 12. Rfc1 Be6 13. Ne1 f5 14. e3 g5 15. h3 Qd7
16. Kh2 f4 17. exf4 exf4 18. g4 Bxg4 19. hxg4 Qxg4 20. Qd1 Qh4+ 21. Kg1 g4 22.
Ne4 Nd4 23. Nxd6 f3 24. Bf1 Be5 0-1

[Event "AUTO-MASTER-2846"]
[Site "http://www.queenalice.com/game.php?id=1599631"]
[Date "2020.2.16"]
[Round "2"]
[White "Tamise"]
[Black "omega3"]
[Result "1-0"]
[WhiteElo "2286"]
[BlackElo "2152"]

1. Nf3 Nf6 2. c4 c6 3. g3 d5 4. Bg2 dxc4 5. O-O Nbd7 6. Na3 Nb6 7. Qc2 Be6 8.
Ne5 h5 9. h4 Qd4 10. Nf3 Qe4 11. Qd1 Bg4 12. b3 cxb3 13. axb3 g6 14. Nc4 Nxc4
15. d3 Nb2 16. Bxb2 Qe6 17. Qc2 Bg7 18. Rfe1 O-O 19. Ng5 Qd7 20. f3 Be6 21. e4
Rfc8 22. Kh2 Nh7 23. Nxe6 Qxe6 24. Bh3 Qd6 25. Bxc8 Rxc8 26. Bxg7 Kxg7 27. Qc3+
Kg8 28. Rxa7 b6 29. d4 1-0

[Event "AUTO-MASTER-2966"]
[Site "http://www.queenalice.com/game.php?id=1616826"]
[Date "2020.6.15"]
[Round "1"]
[White "omega3"]
[Black "bouley"]
[Result "0-1"]
[WhiteElo "2116"]
[BlackElo "2016"]

1. c4 Nf6 2. g3 e6 3. Bg2 d5 4. Nf3 Nc6 5. d4 dxc4 6. Na3 Bxa3 7. bxa3 O-O 8.
Bb2 b5 9. O-O Bb7 10. Qc2 Qe7 0-1

[Event "AUTO-MASTER-2966"]
[Site "http://www.queenalice.com/game.php?id=1616841"]
[Date "2020.6.15"]
[Round "1"]
[White "jiba45"]
[Black "omega3"]
[Result "0-1"]
[WhiteElo "2324"]
[BlackElo "2101"]

1. d4 d5 2. Nf3 c6 3. c4 Nf6 4. g3 Bg4 5. Bg2 e6 6. Nc3 Nbd7 7. O-O dxc4 8. b3
cxb3 9. Qxb3 Qb6 10. Rb1 Qxb3 11. Rxb3 b6 12. Ne5 Nxe5 13. dxe5 Nd5 14. h3 Bh5
15. g4 Bg6 16. f4 Rd8 17. f5 exf5 18. gxf5 Bh5 19. Rd1 Bc5+ 20. Kf1 O-O 21. Bxd5
cxd5 22. Nxd5 Rfe8 23. Rbd3 h6 24. Nf6+ gxf6 25. Rxd8 Rxd8 26. Rxd8+ Kg7 27.
exf6+ Kxf6 28. Rd5 a5 0-1

[Event "AUTO-MASTER-2966"]
[Site "http://www.queenalice.com/game.php?id=1616842"]
[Date "2020.6.15"]
[Round "1"]
[White "omega3"]
[Black "jiba45"]
[Result "0-1"]
[WhiteElo "2137"]
[BlackElo "2362"]

1. c4 e6 2. g3 d5 3. Bg2 c6 4. Nf3 Nf6 5. O-O Be7 6. d4 Nbd7 7. Qc2 O-O 8. b3 b6
9. Bb2 Bb7 10. Nbd2 Rc8 11. Rfe1 c5 0-1

[Event "AUTO-MASTER-2966"]
[Site "http://www.queenalice.com/game.php?id=1616851"]
[Date "2020.6.15"]
[Round "1"]
[White "Scharlatan"]
[Black "omega3"]
[Result "0-1"]
[WhiteElo "2067"]
[BlackElo "2120"]

1. e4 c6 2. d4 d5 3. e5 Bf5 4. h4 h5 5. Bd3 Bxd3 6. Qxd3 e6 7. Bg5 Qb6 8. Nd2
Qa6 9. c4 Bb4 10. Nf3 Qxc4 11. Qe3 Nd7 12. a3 Bxd2+ 13. Nxd2 Qa6 14. b4 Nh6 15.
Nf3 Nf5 16. Qd2 Nb6 17. Qe2 Nc4 18. O-O Qb6 19. Rfd1 a5 20. Be3 Kd7 21. Ng5 Ke7
22. Rdb1 Qa6 23. Qf3 f6 24. exf6+ gxf6 25. Nh3 Rag8 26. g3 Ncxe3 0-1

[Event "AUTO-MASTER-2966"]
[Site "http://www.queenalice.com/game.php?id=1616852"]
[Date "2020.6.15"]
[Round "1"]
[White "omega3"]
[Black "Scharlatan"]
[Result "1-0"]
[WhiteElo "2130"]
[BlackElo "2023"]

1. c4 Nf6 2. g3 g6 3. Bg2 Bg7 4. d4 d6 5. Nc3 O-O 6. Nf3 Nc6 7. O-O e5 8. dxe5
Nxe5 9. b3 Bg4 10. Nxe5 dxe5 11. h3 Be6 12. Bxb7 Rb8 13. Bg2 Qe7 14. Be3 Rfd8
15. Qc1 Rd7 16. Bxa7 Rbd8 17. Rd1 Rxd1+ 18. Nxd1 c5 19. Bb6 Rd4 20. Nb2 Qd6 21.
Ba5 Qd7 22. Nd3 Bxh3 23. Bxh3 Qxh3 24. Nxe5 Nh5 25. Qe3 Qf5 26. Nc6 Re4 27. Qc1
Bxa1 28. Qxa1 Rxe2 29. Qf1 Qf3 30. Qg2 Qg4 31. Bc3 Rxa2 32. Qd5 Qg5 33. Qxg5 1-0

[Event "AUTO-OPEN-4461"]
[Site "http://www.queenalice.com/game.php?id=1816619"]
[Date "2023.7.19"]
[Round "1"]
[White "omega3"]
[Black "ChessColossos"]
[Result "0-1"]
[WhiteElo "1982"]
[BlackElo "2178"]

1. e4 e5 2. Nf3 Nc6 3. Bc4 Nf6 4. Ng5 d5 5. exd5 Nxd5 6. Nxf7 Kxf7 7. Qf3+ Ke8
8. Bxd5 Qd7 9. Bxc6 bxc6 10. Qh5+ Qf7 11. Qxe5+ Qe7 12. Qxe7+ Bxe7 13. O-O Kf7
0-1

[Event "AUTO-OPEN-4461"]
[Site "http://www.queenalice.com/game.php?id=1816642"]
[Date "2023.7.19"]
[Round "1"]
[White "brumbaz"]
[Black "omega3"]
[Result "0-1"]
[WhiteElo "1464"]
[BlackElo "2140"]

1. e4 c5 2. Bc4 e6 3. d3 Nc6 4. Nf3 d5 5. Bb5 Qa5+ 6. Nc3 d4 7. Bxc6+ bxc6 8.
Bd2 dxc3 9. Bxc3 Qd8 10. Ne5 Bb7 11. Qf3 Qf6 12. O-O-O Qxf3 13. Nxf3 f6 14. e5
Be7 15. h4 Nh6 16. d4 cxd4 17. Nxd4 Kf7 18. f4 Ng4 19. Be1 c5 20. Nf3 Rhd8 21.
Rxd8 Rxd8 22. Ba5 Rd7 23. h5 Ne3 24. Bd2 Nxg2 25. h6 Bxf3 0-1

[Event "AUTO-OPEN-4461"]
[Site "http://www.queenalice.com/game.php?id=1816643"]
[Date "2023.7.19"]
[Round "1"]
[White "omega3"]
[Black "brumbaz"]
[Result "1-0"]
[WhiteElo "2139"]
[BlackElo "1466"]

1. e4 e5 2. Nf3 Nc6 3. Bc4 Bc5 4. O-O Nf6 5. d4 exd4 6. e5 Ne4 7. Re1 d5 8. exd6
cxd6 9. Rxe4+ Be6 10. Bxe6 O-O 11. Bb3 d5 12. Rh4 a5 13. Qd3 g6 14. a3 a4 15.
Ng5 Ne5 16. Qh3 Qd7 17. Qxd7 Nxd7 18. Bxd5 Nb6 19. Ba2 Rfe8 20. Bxf7+ Kf8 21.
Bxe8 Kxe8 22. Rxh7 1-0

[Event "AUTO-MASTER-3177"]
[Site "http://www.queenalice.com/game.php?id=1816958"]
[Date "2023.7.22"]
[Round "1"]
[White "omega3"]
[Black "chessman"]
[Result "0-1"]
[WhiteElo "2083"]
[BlackElo "1925"]

1. e4 e6 2. d4 d5 3. Nc3 dxe4 4. Nxe4 Nd7 5. Nf3 Ngf6 6. Nxf6+ Nxf6 7. c3 Be7 8.
Bd3 Nd5 9. O-O O-O 10. Qc2 h6 0-1

[Event "AUTO-MASTER-3177"]
[Site "http://www.queenalice.com/game.php?id=1816962"]
[Date "2023.7.22"]
[Round "1"]
[White "omega3"]
[Black "Pumpernickel"]
[Result "0-1"]
[WhiteElo "2141"]
[BlackElo "1924"]

1. e4 e5 2. Nf3 Nc6 3. Bc4 Nf6 4. Ng5 d5 5. exd5 Na5 6. Bb5+ c6 7. dxc6 bxc6 8.
Bd3 h6 9. Ne4 Nd5 10. Nbc3 Nf4 11. Bf1 Bf5 12. g3 Nd5 13. Bg2 Be7 0-1

[Event "AUTO-MASTER-3177"]
[Site "http://www.queenalice.com/game.php?id=1816963"]
[Date "2023.7.22"]
[Round "1"]
[White "Pumpernickel"]
[Black "omega3"]
[Result "1-0"]
[WhiteElo "1949"]
[BlackElo "2122"]

1. d4 Nf6 2. c4 g6 3. Nc3 Bg7 4. e4 d6 5. f4 O-O 6. Nf3 c5 7. d5 e6 8. h3 exd5
9. cxd5 Re8 10. Bd3 Nxe4 11. Bxe4 Bxc3+ 12. bxc3 Rxe4+ 13. Kf2 Nd7 14. Re1 Nf6
15. Qd3 1-0